| 000 | 00665nam a22002534a 4500 | ||
|---|---|---|---|
| 001 | UByD003380 | ||
| 003 | AR-LpoUNG | ||
| 005 | 20241126143548.0 | ||
| 008 | 241126s2008 ag ||||| |||| 00| 0 spa d | ||
| 020 | _a9789505812042 | ||
| 040 |
_aAR-LpoUNG _bspa _cAR-LpoUNG _eaacr |
||
| 041 | 0 | _aspa | |
| 082 | 0 | _a808.068 3 617cri | |
| 100 | 1 | _aBirmajer, Marcelo | |
| 245 | 1 | 3 | _aUn crimen secundario |
| 250 | _a1ra. ed. | ||
| 260 |
_aBuenos Aires : _bColihue, _c2008. |
||
| 300 | _a102 p. | ||
| 505 | _aSugerido a partir de 12 aƱos (etiqueta FUCSIA). | ||
| 650 | 4 | _aLITERATURA | |
| 650 | 4 | _aNARRATIVA | |
| 653 | 0 | _aLITERATURA INFANTOJUVENIL | |
| 942 |
_2ddc _cLIB |
||
| 999 |
_c66056 _d66056 |
||